• 首页
  • 本馆介绍
  • 公告通知
  • 最新文献
  • 馆藏检索
  • 电子资源
  • 读者导购
  • 参考咨询
  • 我的图书馆
  • 登录
  • 详细信息显示
  • 放入我的书架
  • 预约/预借图书
  • 作者相关作品
  • 分类相关作品
  • 丛书相关作品
  • 出版社相关作品

书目信息

  • 表格格式
  • 工作单格式
  • 卡片格式
题名:
园林美术
    
 
作者: 赵海宽 主编
分册:  
出版信息: 北京   高等教育出版社  2002
页数: 107页
开本: 26cm
丛书名:
单 册:
中图分类: TU986.1
科图分类:
主题词: 园林艺术--绘画--中等专业教育--教材
电子资源:
ISBN: 7-04-010221-8
000 00809nam0 2200253 450
001 0100207492
005 20020928000000.0
010    @a7-04-010221-8@dCNY17.80
011    @a7-04-010221-8
100    @a20020703d2002 em y0chiy0110 ea
101 0  @achi
102    @aCN@b110000
105    @aa z 000yy
106    @ar
200 1  @a园林美术@9Yuan Lin Mei Shu;Zhu @f赵海宽主编@b专著
210    @a北京@c高等教育出版社@d2002
215    @a107页@c图@d26cm
300    @a中等职业教育国家规划教材 园林专业
330    @a本书重点介绍园林专业所需要的美术知识,主要内容有绘画基础知识、素描、色彩、汉字书写、图案基础等。
606 0  @a园林艺术@x绘画@x中等专业教育@j教材
690    @aTU986.1@v4
701  0 @a赵海宽@9zhao hai kuan@4主编
801  0 @aCN@bAiZhiMarc@c20020715
905    @aBZT@dTU986.1@e8@f16@sTU986.1/8
    
    园林美术/赵海宽主编.-北京:高等教育出版社,2002
    107页:图;26cm
    中等职业教育国家规划教材 园林专业
    
    ISBN 7-04-010221-8:CNY17.80
    本书重点介绍园林专业所需要的美术知识,主要内容有绘画基础知识、素描、色彩、汉字书写、图案基础等。
●
相关链接 在五车中查询图书 在当当中查询图书 在豆瓣中查询图书


正题名:园林美术     索取号:TU986.1/8         预约/预借

序号 登录号 条形码 馆藏地/架位号 状态 备注
1 2000062565   2000062565   旧书回溯/ [索取号:TU986.1/8] 在馆    
2 2000062566   2000062566   旧书回溯/ [索取号:TU986.1/8] 在馆    
3 2000062567   2000062567   旧书回溯/ [索取号:TU986.1/8] 在馆    
4 2000062568   2000062568   旧书回溯/ [索取号:TU986.1/8] 在馆    
5 2000062569   2000062569   旧书回溯/ [索取号:TU986.1/8] 在馆    
6 2000062570   2000062570   旧书回溯/ [索取号:TU986.1/8] 在馆    
7 2000062784   2000062784   旧书回溯/ [索取号:TU986.1/8] 在馆    
8 2000062879   2000062879   旧书回溯/ [索取号:TU986.1/8] 在馆    
9 2000062880   2000062880   旧书回溯/ [索取号:TU986.1/8] 在馆    
10 2000062881   2000062881   旧书回溯/ [索取号:TU986.1/8] 在馆    
11 2000062919   2000062919   旧书回溯/ [索取号:TU986.1/8] 在馆    
12 2000062920   2000062920   旧书回溯/ [索取号:TU986.1/8] 在馆    
13 2000062921   2000062921   旧书回溯/ [索取号:TU986.1/8] 在馆    
14 2000065657   2000065657   旧书回溯/ [索取号:TU986.1/8] 在馆    
15 2000065658   2000065658   旧书回溯/ [索取号:TU986.1/8] 在馆    
16 2000135034   2000135034   旧书回溯/ [索取号:TU986.1/8] 在馆    
山东省滨州职业学院图书馆 欢迎您!
大连网信软件有限公司© 版权所有